000 01945nam a2200541 i 4500
001 3802
003 KOSZ 005
005 20200421083157.0
008 971113s1988 pl |000 0 pol
015 _aUWD 1988/10663
020 _a8301078340
035 _a991003317249705066
035 _a(PL-WaBN)b10889899-48omnis_nlop
035 _ab10889899
035 _a(OCoLC)749747339
035 _a(PL)b0000001088989
035 _a(EXLNZ-48OMNIS_NETWORK)9910502658705606
040 _aWA N
_cWA N
_dKOSZ 005/AR
041 1 _apol
_hrus
044 _apl
046 _k1988
080 _a519.1
080 _a(075.8)
080 _a(076)
245 0 0 _aAnaliza kombinatoryczna w zadaniach :
_bpraca zbiorowa /
_cpod redakcją K. A. Rybnikowa ; tłumaczenie [z rosyjskiego] Roman Kossak ; [zespół autorów. M. W. Mieńszikow i inni].
246 1 _iTytuł oryginału :
_aKombinatornyj analiz :
_bzadači i upražnenija,
_f1982
260 _aWarszawa :
_bPaństwowe Wydawnictwo Naukowe,
_c1988.
300 _a418, [2] strony ;
_c21 cm.
336 _aTekst
_btxt
_2rdacontent
337 _aBez urządzenia pośredniczącego
_bn
_2rdamedia
338 _aWolumin
_bnc
_2dracarrier
380 _aKsiążki
388 _a1901-2000
388 _a1945-1989
504 _aBibliografia na stronach 416-417.
650 7 _aKombinatoryka
_2DBN
655 7 _aĆwiczenia i zadania
_2DBN
655 7 _aPodręczniki akademickie
658 _aMatematyka
658 _aInżynieria i technika
700 1 _aKossak, Roman
_d(1953- )
_eTłumaczenie
700 1 _aMenʹšikov, Mihail Vasilʹevič
_d(1948- )
_eAutor
700 1 _aRybnikov, Konstantin Alekseevič
_d(1913- )
_eRedakcja
710 _aPaństwowe Wydawnictwo Naukowe
_4pbl
856 _uhttp://koha.tu.koszalin.pl/cgi-bin/koha/opac-detail.pl?biblionumber=3802
_yKatalog online BPK
942 _2UKD
_cKS
999 _c3802
_d3802